Survey on sow care at c.p. cambodia co., ltd km 100; ការអង្កេតទៅលើការថែទាំមេជ្រូកផើមនៅក្រុមហ៊ុន ស៊ី. ភី ខេមបូឌា ចំកាត់គីឡូម៉ែត ១០០ (Record no. 7385)

000 -LEADER
fixed length control field 00653nam a22001337a 4500
040 ## - CATALOGING SOURCE
Transcribing agency RUA
082 ## - DEWEY DECIMAL CLASSIFICATION NUMBER
Classification number ANS SOT 2014 B445 Or.1
100 ## - MAIN ENTRY--AUTHOR NAME
Personal name SOT SOKHENG; សុត សុខហេង
245 ## - TITLE STATEMENT
Title Survey on sow care at c.p. cambodia co., ltd km 100; ការអង្កេតទៅលើការថែទាំមេជ្រូកផើមនៅក្រុមហ៊ុន ស៊ី. ភី ខេមបូឌា ចំកាត់គីឡូម៉ែត ១០០
260 ## - PUBLICATION, DISTRIBUTION, ETC. (IMPRINT)
Place of publication Phnom Penh
Name of publisher RUA
Year of publication 2014
300 ## - PHYSICAL DESCRIPTION
Number of Pages xi;46p.
Other physical details ill.
Dimensions 29cm.
856 ## - ELECTRONIC LOCATION AND ACCESS
Uniform Resource Identifier https://drive.google.com/file/d/1TGbaDdiNNqJdzhm_sDr4TyMIYZlgbV1H/view?usp=sharing
942 ## - ADDED ENTRY ELEMENTS (KOHA)
Koha item type ANS
952 ## - LOCATION AND ITEM INFORMATION (KOHA)
Withdrawn status [LOCAL, KOHA] 0
952 ## - LOCATION AND ITEM INFORMATION (KOHA)
Withdrawn status [LOCAL, KOHA] 0
952 ## - LOCATION AND ITEM INFORMATION (KOHA)
Withdrawn status [LOCAL, KOHA] 0
952 ## - LOCATION AND ITEM INFORMATION (KOHA)
Withdrawn status [LOCAL, KOHA] 0
952 ## - LOCATION AND ITEM INFORMATION (KOHA)
Withdrawn status [LOCAL, KOHA] 0
952 ## - LOCATION AND ITEM INFORMATION (KOHA)
Withdrawn status [LOCAL, KOHA] 0
952 ## - LOCATION AND ITEM INFORMATION (KOHA)
Withdrawn status [LOCAL, KOHA] 0
952 ## - LOCATION AND ITEM INFORMATION (KOHA)
Withdrawn status [LOCAL, KOHA] 0
952 ## - LOCATION AND ITEM INFORMATION (KOHA)
Withdrawn status [LOCAL, KOHA] 0
Holdings
Permanent Location Date acquired Koha item type Lost status Shelving location Barcode Current Location Full call number
Library Block B2016-03-03ANS B445RUA054326Library Block BANS SOT 2014 B445 Or.1
Library Block B2016-03-03ANS B445RUA054434Library Block BANS SOT 2014 B445 Or.2
Library Block B2016-03-03ANS B445RUA054374Library Block BANS SOT 2014 B445 Or.3
Library Block B2016-03-03ANS B445RUA054435Library Block BANS SOT 2014 B445 Or.4
Library Block B2016-03-03ANS B445RUA054315Library Block BANS SOT 2014 B445 Or.5
Library Block B2016-03-03ANS B445RUA054375Library Block BANS SOT 2014 B445 Or.6
Library Block B2016-03-03ANS B445RUA054381Library Block BANS SOT 2014 B445 Or.7
Library Block B2016-03-03ANS B445RUA054557Library Block BANS SOT 2014 B445 Or.8
Library Block B2021-12-08ANS B479a065967Library Block BANS SOT 2014 B479 Or.1
មជ្ឈមណ្ឌលឯការនៃសាកលវិទ្យាល័យភូមិន្ទកសិកម្មចំការដូង

Powered by Koha